Kinshasa - Choix multiples - Statistiques

Statistiques générales
  • Ce quiz a été pris 3 162 fois
    3 130 depuis la dernière actualisation
  • Le résultat moyen est 7 sur 10
Statistiques - réponses
Question Réponse % Correct
Quelle capitale se trouve juste en face de Kinshasa, de l'autre côté du fleuve ? Brazzaville
90%
Quel fleuve traverse la ville de Kinshasa ? Congo
83%
Quel nom la ville portait à l'époque coloniale ? Léopoldville
77%
Quelle langue est la plus utilisée au quotidien à Kinshasa ? Lingala
77%
Quel gardien de football né à Kinshasa a gagné la coupe du monde avec l'équipe de France en 2018 ? Steve Mandanda
75%
Lequel de ces titres n'est PAS chanté par Gims, né à Kinshasa en 1986 ? Roule
67%
Comment s'appelle le combat légendaire entre Mohammed Ali et George Foreman qui s'est déroulé à Kinshasa en 1974 ? Rumble in the Jungle
66%
Quel homme d'état a donné à la ville son nom actuel en 1966 ? Mobutu Sese Seko
54%
Dans quel district se trouvent le quartier central des affaires de Kinshasa et le palais présidentiel ? Gombe
46%
Quelle maladie certains scientifiques pensent-ils avoir vu apparaître à Kinshasa entre 1909 et 1930 ? VIH/SIDA
41%
Aucun quiz correspondant
Distribution des résultats
% des personnes avec chaque résultat
Percentile par nombre de réponses
Votre historique - résultats
Vous n’avez pas pris ce quiz depuis la dernière actualisation